[Event "Santiago de Cuba Province-ch tt"]
[Site "Santiago de Cuba"]
[Date "2018.10.12"]
[Round "6.2"]
[White "Lopez Paneque, Alberto Arael"]
[Black "Chala Salas, Daniel Enrique"]
[Result "1-0"]
[WhiteElo "1950"]
[BlackElo "1908"]
[PlyCount "53"]
[EventDate "2018.10.09"]
[EventType "team-tourn"]
[EventRounds "10"]
[EventCountry "CUB"]
[SourceTitle "EXT 2021"]
[Source "ChessBase"]
[SourceDate "2020.10.23"]
[SourceVersion "1"]
[SourceVersionDate "2020.10.23"]
[SourceQuality "1"]

1. e4 c6 2. d4 d5 3. exd5 cxd5 4. Bd3 Nc6 5. c3 Nf6 6. Bf4 Bg4 7. Qb3 Qd7 8. Nd2 e6 9. Ngf3 a6 10. 0-0 Be7 11. h3 Bh5 12. Rfe1 0-0 13. Re3 Bg6 14. Bxg6 hxg6 15. Ne5 Nxe5 16. Bxe5 Ne8 17. Nf3 Bd6 18. Rae1 b5 19. Ng5 Qc7 20. Qd1 Bxe5 21. dxe5 Qc4 22. b3 Qh4 23. Nf3 Qe7 24. Nd4 Rc8 25. Qg4 g5 26. Nf3 g6 27. Nxg5 1-0

[Event "Villa Santiago op"]
[Site "Santiago de Cuba"]
[Date "2018.08.12"]
[Round "5"]
[White "Lopez Paneque, Alberto Arael"]
[Black "Rodriguez Ruiz, Jose Manuel"]
[Result "1/2-1/2"]
[WhiteElo "1953"]
[BlackElo "1884"]
[PlyCount "77"]
[EventDate "2018.08.08"]
[EventType "swiss"]
[EventRounds "7"]
[EventCountry "CUB"]
[SourceTitle "EXT 2021"]
[Source "ChessBase"]
[SourceDate "2020.10.23"]
[SourceVersion "1"]
[SourceVersionDate "2020.10.23"]
[SourceQuality "1"]

1. e4 c5 2. c3 e5 3. Nf3 Nc6 4. Bc4 Nf6 5. Ng5 d5 6. exd5 Nxd5 7. Qh5 Qd7 8. Qxf7+ Qxf7 9. Nxf7 Kxf7 10. Bxd5+ Be6 11. Bxe6+ Kxe6 12. d3 Rd8 13. Ke2 Be7 14. Be3 Rd7 15. Na3 Rhd8 16. Rhd1 a6 17. f3 b5 18. Nc2 a5 19. Rd2 b4 20. Rad1 a4 21. cxb4 cxb4 22. b3 axb3 23. axb3 Nd4+ 24. Nxd4+ exd4 25. Bf4 Kf5 26. Bg3 Rc8 27. Rb2 Ra7 28. Be1 Ra3 29. Rdb1 Ke6 30. f4 Kd5 31. Kd1 Bd6 32. g3 Rc6 33. Rc2 Rxc2 34. Kxc2 Ra2+ 35. Rb2 Ra1 36. Kd2 h5 37. h4 g6 38. Kc2 Bc5 39. Bd2 1/2-1/2

[Event "Villa Santiago op"]
[Site "Santiago de Cuba"]
[Date "2018.08.10"]
[Round "3"]
[White "Lopez Paneque, Alberto Arael"]
[Black "Lavigne Lopez, Raul Leonardo"]
[Result "1/2-1/2"]
[WhiteElo "1953"]
[BlackElo "2112"]
[PlyCount "34"]
[EventDate "2018.08.08"]
[EventType "swiss"]
[EventRounds "7"]
[EventCountry "CUB"]
[SourceTitle "EXT 2021"]
[Source "ChessBase"]
[SourceDate "2020.10.23"]
[SourceVersion "1"]
[SourceVersionDate "2020.10.23"]
[SourceQuality "1"]

1. e4 c5 2. Nf3 Nf6 3. e5 Nd5 4. Nc3 e6 5. Nxd5 exd5 6. d4 d6 7. exd6 Bxd6 8. dxc5 Bxc5 9. Bb5+ Nc6 10. 0-0 0-0 11. c3 Qd6 12. Qd3 Bg4 13. Ba4 Rfe8 14. Bd2 Bb6 15. Rfe1 Qf6 16. Bg5 Qd6 17. Bh4 h6 1/2-1/2